World Leaders Pictured Together to Countries - Statistics

General Stats
  • This quiz has been taken 20 times
  • The average score is 28 of 100
Answer Stats
Picture Answer % Correct
China (Mao Zedong)
88%
Cuba (Fidel Castro)
75%
North Korea (Kim Il Sung)
75%
Iraq (Saddam Hussein)
69%
Vatican City (Francis I Bergoglio)
69%
France (Emmanuel Macron)
63%
South Africa (Nelson Mandela)
63%
Taiwan (Tsai Ing-wen)
63%
Bolivia (Evo Morales)
56%
Brazil (Luiz Inácio Lula da Silva)
56%
Palestine (Yasser Arafat)
56%
Soviet Union (Joseph Stalin)
56%
Syria (Bashar al-Assad)
56%
Belarus (Aleksandr Lukashenko)
50%
Hungary (Viktor Orbán)
50%
New Zealand (Jacinda Ardern)
50%
Vietnam (Hồ Chí Minh)
50%
India (Jawaharlal Nehru)
44%
Libya (Mu'ammar al-Qaddafi)
44%
Myanmar (Aung San Suu Kyi)
44%
Poland (Donald Tusk)
44%
Russian Empire (Nikolai II Aleksandrovich Romanov)
44%
Turkey (Recep Tayyip Erdoğan)
44%
United Arab Emirates (Zayed bin Sultan al-Nahyan)
44%
United States (William Howard Taft)
44%
Venezuela (Hugo Chávez)
44%
Argentina (Cristina Fernández de Kirchner)
38%
Azerbaijan (Ilham Aliyev)
38%
Brunei (Hassanal Bolkiah Muiz'zaddin Wad'daulah)
38%
Cambodia (Hun Sen)
38%
Egypt (Gamal Abdel Nasser)
38%
Ethiopian Empire (Haile Selassie I)
38%
Iran (Seyyed Ali Hosseini Khamenei)
38%
Italy (Giorgia Meloni)
38%
Japan (Hirohito)
38%
Kuwait (Jaber al-Ahmad al-Sabah)
38%
Samoa (Tuilaʻepa Saʻilele Malielegaoi)
38%
Burkina Faso (Thomas Isidore Sankara)
31%
East Germany (Walter Ulbricht)
31%
German Empire (Wilhelm II Hohenzollern)
31%
Mexico (Porfirio Díaz)
31%
Zimbabwe (Robert Mugabe)
31%
Albania (Enver Hoxha)
25%
Democratic Republic of the Congo (Laurent-Désiré Kabila)
25%
Kenya (Jomo Kenyatta)
25%
Mongolia (Yumjaagiin Tsedenbal)
25%
Romania (Nicolae Ceaușescu)
25%
Singapore (Lee Kuan Yew)
25%
Yemen (Ali Abdullah Saleh)
25%
Algeria (Houari Boumédiène)
19%
Australia (Gough Whitlam)
19%
Djibouti (Ismaïl Omar Guelleh)
19%
Eritrea (Isaias Afwerki)
19%
Ghana (Kwame Nkrumah)
19%
Guinea (Ahmed Sékou Touré)
19%
Malaysia (Mahathir bin Mohamad)
19%
Papua New Guinea (Michael Somare)
19%
South Korea (Lee Jae Myung)
19%
Tanzania (Julius Kambarage Nyerere)
19%
United Kingdom (Edward VII Saxe-Coburg-Gotha)
19%
Afghanistan (Mohammad Zahir Shah Barakzai)
13%
Angola (Agostinho Neto)
13%
Armenia (Armen Sarkissian)
13%
Belgium (Albert I Saxe-Coburg-Gotha)
13%
Bulgaria (Simeon II Saxe-Coburg-Gotha)
13%
Dominican Republic (Rafael Trujillo)
13%
Georgia (Bidzina Ivanishvili)
13%
Haiti (Paul Magloire)
13%
Indonesia (Sukarno)
13%
Kazakhstan (Nūrsūltan Nazarbaev)
13%
Laos (Thongloun Sisoulith)
13%
Malawi (Hastings Banda)
13%
Montenegro (Nikola I Petrović-Njegoš)
13%
Serbia (Aleksandar I Obrenović)
13%
Siam (Chulalongkorn Rama V)
13%
Spain (Alfonso XIII de Bourbon)
13%
Timor-Leste (Xanana Gusmão)
13%
Tunisia (Habib Bourguiba)
13%
Zambia (Kenneth Kaunda)
13%
Austria (Bruno Kreisky)
6%
Colombia (Alfonso López Michelsen)
6%
Equatorial Guinea (Teodoro Obiang Nguema Mbasogo)
6%
Finland (Urho Kaleva Kekkonen)
6%
Greece (Constantine II Glücksburg)
6%
Grenada (Maurice Bishop)
6%
Iceland (Davíð Oddsson)
6%
Jamaica (Hugh Shearer)
6%
Mali (Modibo Keïta)
6%
Mauritania (Moktar Ould Daddah)
6%
Morocco (Mohammed VI al-Alawi)
6%
Mozambique (Samora Machel)
6%
Netherlands (Dries van Agt)
6%
Nicaragua (Daniel Ortega)
6%
Pakistan (Mohammad Ayub Khan)
6%
Panama (Omar Torrijos)
6%
Philippines (Benigno Aquino III)
6%
Saint Vincent and the Grenadines (Ralph Gonsalves)
6%
Uganda (Yoweri Museveni)
6%
Ukraine (Viktor Yanukovych)
6%
Yugoslavia (Josip Broz Tito)
6%
No matching quizzes found
Score Distribution
Percent of People with Each Score
Percentile by Number Answered
Your Score History
You have not taken this quiz